[Event "ST-2021-0-00193"]
[Site "LSS email"]
[Date "2021.06.23"]
[Round "?"]
[White "Truyens, Aime"]
[Black "Enev, Zlatko"]
[Result "1/2-1/2"]
[WhiteElo "2342"]
[BlackElo "2355"]
[PlyCount "66"]
[EventDate "2021.05.15"]
[EventType "tourn (corr)"]
[EventRounds "6"]
[EventCountry "GER"]
[SourceTitle "Corr 2024"]
[Source "ChessBase"]
[SourceDate "2023.10.19"]
[SourceVersion "1"]
[SourceVersionDate "2023.10.19"]
[SourceQuality "1"]

1. c4 d6 2. Nc3 e5 3. g3 f5 4. d4 Be7 5. Bh3 Na6 6. dxe5 dxe5 7. Qxd8+ Bxd8 8. Nf3 Bf6 9. e4 Ne7 10. 0-0 Nc5 11. Bg2 Be6 12. b3 Rd8 13. Re1 Nc6 14. Be3 Nd3 15. Red1 f4 16. Bd2 Bg4 17. Nd5 Kf7 18. Bc3 Nc5 19. h3 Bxf3 20. Bxf3 Ne6 21. Bh5+ g6 22. Bg4 Ned4 23. Rd3 h5 24. Bd1 Ne6 25. gxf4 Nxf4 26. Rf3 g5 27. b4 Nd4 28. Bxd4 exd4 29. Nxf4 gxf4 30. c5 d3 31. Bb3+ Kg6 32. Rd1 d2 33. Rxf4 Rhf8 1/2-1/2

[Event "LSS No Engine Cup 193 Preliminary 0"]
[Site "LSS email"]
[Date "2019.09.09"]
[Round "?"]
[White "Pehl, Ferenc"]
[Black "Truyens, Aime"]
[Result "0-1"]
[WhiteElo "1146"]
[BlackElo "1600"]
[PlyCount "38"]
[EventDate "2019.09.10"]
[EventType "tourn (corr)"]
[EventRounds "6"]
[EventCountry "GER"]
[SourceTitle "Corr 2022"]
[Source "ChessBase"]
[SourceDate "2021.10.24"]
[SourceVersion "1"]
[SourceVersionDate "2021.10.24"]
[SourceQuality "1"]

1. e4 g6 2. d4 Bg7 3. Be3 c5 4. c3 cxd4 5. Bxd4 e5 6. Be3 Nf6 7. Bd3 d5 8. exd5 Qxd5 9. f3 Nc6 10. Ne2 Be6 11. 0-0 0-0-0 12. Na3 Qxd3 13. Qxd3 Rxd3 14. Kf2 Rhd8 15. Nc2 Nh5 16. b3 f5 17. c4 f4 18. Bc1 e4 19. fxe4 Bxa1 0-1

[Event "LSS No Engine Cup 193 Preliminary 0"]
[Site "LSS email"]
[Date "2019.09.09"]
[Round "?"]
[White "Truyens, Aime"]
[Black "Zmolil, Karel"]
[Result "1-0"]
[WhiteElo "1600"]
[BlackElo "1449"]
[PlyCount "51"]
[EventDate "2019.09.10"]
[EventType "tourn (corr)"]
[EventRounds "6"]
[EventCountry "GER"]
[SourceTitle "Corr 2022"]
[Source "ChessBase"]
[SourceDate "2021.10.24"]
[SourceVersion "1"]
[SourceVersionDate "2021.10.24"]
[SourceQuality "1"]

1. c4 c5 2. Nf3 g6 3. e4 Bg7 4. d4 cxd4 5. Nxd4 Nc6 6. Be3 d6 7. Nc3 Nf6 8. Be2 0-0 9. 0-0 a6 10. Qd2 Ng4 11. Bxg4 Bxg4 12. f3 Bd7 13. Rfd1 Rc8 14. b3 Nxd4 15. Bxd4 Bc6 16. Bxg7 Kxg7 17. Qd4+ Kg8 18. a4 Qa5 19. Rab1 Rfd8 20. b4 Qg5 21. b5 axb5 22. axb5 e5 23. Qf2 Bd7 24. Nd5 Rxc4 25. h4 Qh6 26. Nf6+ 1-0

[Event "LSS No Engine Cup 185 Preliminary 0"]
[Site "LSS email"]
[Date "2018.12.28"]
[Round "?"]
[White "Lauer, Frederic"]
[Black "Truyens, Aime"]
[Result "0-1"]
[WhiteElo "1469"]
[BlackElo "1600"]
[PlyCount "38"]
[EventDate "2018.12.29"]
[EventType "tourn (corr)"]
[EventRounds "6"]
[EventCountry "GER"]
[SourceTitle "Corr 2022"]
[Source "ChessBase"]
[SourceDate "2021.10.24"]
[SourceVersion "1"]
[SourceVersionDate "2021.10.24"]
[SourceQuality "1"]

1. e4 g6 2. d4 Bg7 3. Be3 c5 4. c3 cxd4 5. Bxd4 Nf6 6. e5 Nd5 7. Bc4 Nb6 8. Bb3 Nc6 9. Nf3 0-0 10. 0-0 d5 11. exd6 Nxd4 12. Nxd4 Qxd6 13. Na3 Bd7 14. Nab5 Qc5 15. Na3 a5 16. Bc2 a4 17. Be4 Rab8 18. Nac2 e5 19. Nf3 f5 0-1

[Event "LSS No Engine Cup 185 Preliminary 0"]
[Site "LSS email"]
[Date "2018.12.28"]
[Round "?"]
[White "Truyens, Aime"]
[Black "Lonyuk, Bohdan"]
[Result "1-0"]
[WhiteElo "1600"]
[BlackElo "1551"]
[PlyCount "55"]
[EventDate "2018.12.29"]
[EventType "tourn (corr)"]
[EventRounds "6"]
[EventCountry "GER"]
[SourceTitle "Corr 2022"]
[Source "ChessBase"]
[SourceDate "2021.10.24"]
[SourceVersion "1"]
[SourceVersionDate "2021.10.24"]
[SourceQuality "1"]

1. c4 Nf6 2. Nc3 g6 3. e4 d6 4. d4 Bg7 5. h3 0-0 6. Bg5 Na6 7. Bd3 Qe8 8. Nge2 e5 9. d5 Nd7 10. a3 f5 11. f3 f4 12. 0-0 Bf6 13. Bh6 Bg7 14. Bxg7 Kxg7 15. b4 c5 16. dxc6 bxc6 17. Qa4 Nf6 18. c5 Nc7 19. cxd6 Ne6 20. Bc4 Bd7 21. Qa5 Nd8 22. Rfd1 g5 23. Na4 h5 24. Nc5 Bc8 25. d7 Nxd7 26. Nxd7 Bxd7 27. Qc7 Nf7 28. Rxd7 1-0

[Event "WC-2017-Q-00012"]
[Site "LSS email"]
[Date "2017.08.22"]
[Round "?"]
[White "Hillebrand, Carsten"]
[Black "Truyens, Aime"]
[Result "1/2-1/2"]
[WhiteElo "2025"]
[BlackElo "2387"]
[PlyCount "93"]
[EventDate "2017.09.01"]
[EventType "tourn (corr)"]
[EventRounds "12"]
[EventCountry "GER"]
[SourceTitle "Corr 2022"]
[Source "ChessBase"]
[SourceDate "2021.10.24"]
[SourceVersion "1"]
[SourceVersionDate "2021.10.24"]
[SourceQuality "1"]

1. c4 g6 2. g3 Bg7 3. Bg2 e5 4. Nc3 f5 5. d3 Nf6 6. e4 d6 7. Nge2 Nc6 8. 0-0 Be6 9. Nd5 0-0 10. Bg5 Qd7 11. Qd2 fxe4 12. dxe4 Rf7 13. f3 Raf8 14. Rad1 Bh3 15. b4 Bxg2 16. Kxg2 Qe8 17. Be3 b6 18. Ng1 Nd8 19. Nh3 Ne6 20. Ng5 Nxg5 21. Bxg5 Qe6 22. a4 c6 23. Ne3 Ne8 24. c5 bxc5 25. bxc5 dxc5 26. Ng4 Rb7 27. Nh6+ Kh8 28. Rf2 c4 29. Qd8 Nc7 30. Qd7 c5 31. Rd6 Qxd7 32. Rxd7 Bxh6 33. Bxh6 Rfb8 34. Bg7+ Kg8 35. Bxe5 Ne6 36. Rd6 Nd4 37. Bxd4 cxd4 38. Rxd4 Rc8 39. Rc2 c3 40. Rd1 a5 41. Kf2 Rb2 42. Rdc1 Kf7 43. Ke3 Rb3 44. Rd1 Rb2 45. Rdc1 Rb3 46. Rd1 Rb2 47. Rdc1 1/2-1/2

[Event "WC-2017-S-00002"]
[Site "LSS email"]
[Date "2017.05.17"]
[Round "?"]
[White "Narkun, Michal"]
[Black "Truyens, Aime"]
[Result "1-0"]
[WhiteElo "2436"]
[BlackElo "2387"]
[PlyCount "64"]
[EventDate "2017.06.01"]
[EventType "tourn (corr)"]
[EventRounds "12"]
[EventCountry "GER"]
[SourceTitle "Corr 2024"]
[Source "ChessBase"]
[SourceDate "2023.10.19"]
[SourceVersion "1"]
[SourceVersionDate "2023.10.19"]
[SourceQuality "1"]

1. d4 Nf6 2. c4 e6 3. Nf3 b6 4. g3 Ba6 5. Qc2 Bb7 6. Bg2 c5 7. d5 exd5 8. cxd5 Nxd5 9. 0-0 Nc7 10. Rd1 Be7 11. Nc3 Ne6 12. Qf5 Bxf3 13. Qxf3 Nc6 14. Bf4 a6 15. Qh5 Rc8 16. Rd2 g6 17. Qh3 Nxf4 18. gxf4 d6 19. f5 0-0 20. Kh1 Bf6 21. Rad1 Nd4 22. Be4 Re8 23. Qg2 Bg7 24. e3 Qh4 25. fxg6 hxg6 26. Bb7 Nf5 27. Bxc8 Rxc8 28. e4 Nd4 29. Nd5 Re8 30. f4 Qh5 31. f5 Qh4 32. fxg6 f5 1-0

[Event "WC-2017-S-00002"]
[Site "LSS email"]
[Date "2017.05.17"]
[Round "?"]
[White "Truyens, Aime"]
[Black "Astroukh, Vitalij"]
[Result "1/2-1/2"]
[WhiteElo "2387"]
[BlackElo "2400"]
[PlyCount "80"]
[EventDate "2017.06.01"]
[EventType "tourn (corr)"]
[EventRounds "12"]
[EventCountry "GER"]
[SourceTitle "Corr 2024"]
[Source "ChessBase"]
[SourceDate "2023.10.19"]
[SourceVersion "1"]
[SourceVersionDate "2023.10.19"]
[SourceQuality "1"]

1. c4 d6 2. g3 g6 3. Bg2 Bg7 4. Nc3 e5 5. Rb1 f5 6. b4 Nf6 7. d3 0-0 8. Nf3 Nc6 9. 0-0 h6 10. b5 Ne7 11. e4 a6 12. exf5 Nxf5 13. a4 axb5 14. axb5 Be6 15. h3 Ne7 16. Re1 Qd7 17. g4 Rf7 18. Qe2 c5 19. bxc6 bxc6 20. g5 hxg5 21. Nxg5 Rff8 22. Nxe6 Qxe6 23. d4 Nf5 24. d5 cxd5 25. Nxd5 Rab8 26. Rxb8 Rxb8 27. Bg5 Kh7 28. Ra1 Nd4 29. Nxf6+ Bxf6 30. Ra7+ Kg8 31. Qe3 Bxg5 32. Qxg5 e4 33. Re7 Ne2+ 34. Kh1 Qf5 35. Qh4 Rb1+ 36. Kh2 Qf4+ 37. Qxf4 Nxf4 38. Bxe4 Rc1 39. Bd5+ Nxd5 40. cxd5 Rd1 1/2-1/2

[Event "WC-2017-S-00002"]
[Site "LSS email"]
[Date "2017.05.17"]
[Round "?"]
[White "Truyens, Aime"]
[Black "Barbaric, Tadija"]
[Result "1/2-1/2"]
[WhiteElo "2387"]
[BlackElo "2307"]
[PlyCount "70"]
[EventDate "2017.06.01"]
[EventType "tourn (corr)"]
[EventRounds "12"]
[EventCountry "GER"]
[SourceTitle "Corr 2024"]
[Source "ChessBase"]
[SourceDate "2023.10.19"]
[SourceVersion "1"]
[SourceVersionDate "2023.10.19"]
[SourceQuality "1"]

1. c4 Nc6 2. g3 Nf6 3. Bg2 e5 4. Nc3 Bb4 5. Nd5 0-0 6. Nxb4 Nxb4 7. a3 Nc6 8. b4 d5 9. cxd5 Nxd5 10. Bb2 Re8 11. e3 e4 12. Ne2 Nf6 13. 0-0 Ne5 14. Bxe5 Rxe5 15. Nd4 Bg4 16. Qc2 Qd7 17. d3 exd3 18. Qxd3 c6 19. Rfe1 Bh3 20. e4 Bxg2 21. Kxg2 a5 22. f3 axb4 23. axb4 Ree8 24. Rad1 Ra2+ 25. Re2 Rea8 26. Qb3 Rxe2+ 27. Nxe2 Qe7 28. b5 g5 29. bxc6 bxc6 30. Qc4 g4 31. fxg4 Rb8 32. Qxc6 Nxg4 33. Rd7 Qe8 34. Rc7 Qxc6 35. Rxc6 Nxh2 1/2-1/2

[Event "WC-2017-S-00002"]
[Site "LSS email"]
[Date "2017.05.17"]
[Round "?"]
[White "Truyens, Aime"]
[Black "Cornel, Matei"]
[Result "1/2-1/2"]
[WhiteElo "2387"]
[BlackElo "2448"]
[PlyCount "96"]
[EventDate "2017.06.01"]
[EventType "tourn (corr)"]
[EventRounds "12"]
[EventCountry "GER"]
[SourceTitle "Corr 2024"]
[Source "ChessBase"]
[SourceDate "2023.10.19"]
[SourceVersion "1"]
[SourceVersionDate "2023.10.19"]
[SourceQuality "1"]

1. c4 e5 2. g3 Nf6 3. Bg2 c6 4. Nf3 d6 5. 0-0 Be7 6. Nc3 0-0 7. d4 e4 8. Ne1 d5 9. Nc2 Be6 10. c5 Nbd7 11. b4 b6 12. Rb1 a5 13. a3 h6 14. Re1 Re8 15. Bf4 Nh5 16. Be3 Qc7 17. f3 Nxg3 18. hxg3 Qxg3 19. Rf1 Bh3 20. Ne1 axb4 21. axb4 bxc5 22. bxc5 Bd8 23. Bf2 Qg6 24. fxe4 dxe4 25. Qc1 Bg4 26. d5 Qh5 27. d6 Nxc5 28. Qe3 Ne6 29. Nxe4 Bg5 30. Nxg5 Nxg5 31. Qg3 Bxe2 32. d7 Red8 33. Rb7 Ba6 34. Nd3 Bxb7 35. Nf4 Nf3+ 36. Bxf3 Qg5 37. Qxg5 hxg5 38. Nd3 Rxd7 39. Nc5 Ra3 40. Nxd7 Rxf3 41. Rb1 Ba6 42. Ne5 Rf4 43. Rb6 Bb5 44. Nxc6 Bxc6 45. Rxc6 f5 46. Be1 Kh7 47. Bc3 Rf3 48. Rc7 f4 1/2-1/2